| 000 | 00475nam a22001337a 4500 | ||
|---|---|---|---|
| 040 | _cNUST | ||
| 082 | _a220 PRO | ||
| 100 |
_aMohammad Sharjeel Arshad Hashmi Umer Abdur Rahman Muhammad Shahbaz Haider Nazim _9122780 |
||
| 110 |
_aPROJECT SUPERVISOR Dr. Raja Amer Azim _985606 |
||
| 245 | _aPR-SOF-2283-Design and Manufacture of Low-cost Dynamometer for Small Engines | ||
| 260 |
_aISLAMABAD: _bNUST COLLEGE OF EME, _c2023. |
||
| 650 |
_aDE-MECH-41 _9122750 |
||
| 942 |
_2ddc _cPR |
||
| 999 |
_c609218 _d609218 |
||